Positivismo y nación en la Agentina /

Guardado en:
Autor Principal: Terán, Oscar.
Otros Autores: Ramos Mejía, José María., Ingenieros, José., Bunge, Carlos Octavio
Formato: Libro
Publicado: Buenos Aires : Puntosur, 1987
Materias:
Etiquetas: Agregar Etiqueta
Sin Etiquetas, Sea el primero en etiquetar este registro!
LEADER 00751nam a22002175a 4500
001 EHU.bham028607
008 130507s1987##################000#0#####d
005 20230905085044.0
245 1 0 |a Positivismo y nación en la Agentina /  |c Oscar Terán, José María Ramos Mejía, Carlos Octavio Bunge. 
260 |a Buenos Aires :  |b Puntosur,  |c 1987 
300 |a 204 p. 
500 |a Contiene fragmentos de textos de José Ingenieros 
100 1 |a Terán, Oscar. 
700 1 |a Ramos Mejía, José María. 
700 1 |a Ingenieros, José. 
700 1 |a Bunge, Carlos Octavio 
082 1 4 |a 146.4 T27 
653 |a Positivismo 
653 |a Positivismo-Latinoamérica 
653 |a Filosofía argentina 
859 |a AR-BHAM  |b BIB. HUMANIDADES - General  |h 146.4  |i T27  |p 802.05  |t Ej.1